[Event "2. Torneio Aberto do Brasil - Fortaleza"]
[Site "Fortaleza BRA"]
[Date "2012.04.06"]
[Round "3.40"]
[White "Costa, Fernando De Souza"]
[Black "Marino, Felipe Gabriel"]
[Result "1-0"]
[WhiteElo "2045"]
[BlackElo "1616"]
[PlyCount "63"]
[EventDate "2012.04.05"]
[EventType "swiss"]
[EventRounds "7"]
[EventCountry "BRA"]
[Source "lmi"]
[SourceDate "2012.08.05"]

1. d4 d5 2. Nf3 Nf6 3. Bf4 e6 4. e3 c5 5. c3 Nbd7 6. Nbd2 cxd4 7. cxd4 Nh5 8.
Bg5 Be7 9. Bxe7 Qxe7 10. Bb5 a6 11. Bd3 Nhf6 12. O-O e5 13. dxe5 Nxe5 14. Nxe5
Qxe5 15. Qb3 O-O 16. Nf3 Qh5 17. Qb4 b5 18. a4 Bg4 19. Nd4 a5 20. Qxb5 Bd7 21.
Qc5 Rfc8 22. Qd6 Rd8 23. Qf4 Rab8 24. b3 Rb4 25. Qc7 Ra8 26. Rac1 Qg5 27. Rc5
Bh3 28. Qg3 Qxg3 29. hxg3 Bd7 30. Rfc1 g6 31. f3 Nh5 32. g4 1-0

[Event "2. Torneio Aberto do Brasil - Fortaleza"]
[Site "Fortaleza BRA"]
[Date "2012.04.06"]
[Round "3.41"]
[White "Amancio, Arnaldo Regis"]
[Black "De Paula, Rafael Figueiredo"]
[Result "0-1"]
[WhiteElo "1884"]
[BlackElo "2041"]
[PlyCount "78"]
[EventDate "2012.04.05"]
[EventType "swiss"]
[EventRounds "7"]
[EventCountry "BRA"]
[Source "lmi"]
[SourceDate "2012.08.05"]

1. e4 c5 2. Nf3 e6 3. d4 cxd4 4. Nxd4 a6 5. Nc3 Qc7 6. Be3 Bb4 7. Qd2 Nf6 8. f3
d5 9. Bd3 e5 10. O-O exd4 11. Bxd4 Bc5 12. Bxc5 Qxc5+ 13. Kh1 O-O 14. exd5 Nbd7
15. Be4 Qd6 16. Rad1 b5 17. g4 Bb7 18. g5 Nh5 19. Ne2 f5 20. gxf6 Ndxf6 21. Qg5
Rae8 22. Rg1 Qe5 23. Qxe5 Rxe5 24. Rd4 Bxd5 25. Nc3 Bxe4 26. Nxe4 Nxe4 27. fxe4
Nf6 28. Rd6 a5 29. Ra6 a4 30. Ra7 Rf7 31. Ra8+ Re8 32. Ra5 Rb7 33. Rg5 Rxe4 34.
Rgxb5 Rxb5 35. Rxb5 Re1+ 36. Kg2 Re2+ 37. Kf3 Rxc2 38. h4 a3 39. bxa3 Rc3+ 0-1

[Event "2. Torneio Aberto do Brasil - Fortaleza"]
[Site "Fortaleza BRA"]
[Date "2012.04.06"]
[Round "3.42"]
[White "Rezende, Guilherme Vilela"]
[Black "Freitas, Marcos Antonio Da C"]
[Result "1/2-1/2"]
[WhiteElo "2039"]
[BlackElo "1880"]
[PlyCount "68"]
[EventDate "2012.04.05"]
[EventType "swiss"]
[EventRounds "7"]
[EventCountry "BRA"]
[Source "lmi"]
[SourceDate "2012.08.05"]

1. e4 e6 2. d4 d5 3. e5 c5 4. c3 Qb6 5. Nf3 Bd7 6. Nbd2 Nc6 7. Nb3 cxd4 8.
Nbxd4 Nge7 9. Qb3 Qxb3 10. axb3 Nxd4 11. Nxd4 a6 12. Be3 Rc8 13. Bd3 Nc6 14. f4
Be7 15. Nf3 O-O 16. g4 f6 17. exf6 Bxf6 18. g5 Be7 19. O-O Bd6 20. Nd2 Ne7 21.
b4 Nf5 22. Bxf5 Rxf5 23. Nb3 Rcf8 24. Bc5 Bxc5+ 25. Nxc5 Bc8 26. Nd3 Bd7 27.
Nc5 Bc8 28. Rae1 Rxf4 29. Rxf4 Rxf4 30. Nxe6 Bxe6 31. Rxe6 d4 32. g6 hxg6 33.
Rxg6 dxc3 34. bxc3 Rf3 1/2-1/2

[Event "2. Torneio Aberto do Brasil - Fortaleza"]
[Site "Fortaleza BRA"]
[Date "2012.04.06"]
[Round "3.43"]
[White "Mateus, Jerluce De Alcantar"]
[Black "De Paula, Guilherme Bueno"]
[Result "1-0"]
[WhiteElo "1834"]
[BlackElo "2032"]
[PlyCount "77"]
[EventDate "2012.04.05"]
[EventType "swiss"]
[EventRounds "7"]
[EventCountry "BRA"]
[Source "lmi"]
[SourceDate "2012.08.05"]

1. c4 f5 2. Nf3 Nf6 3. Nc3 g6 4. g3 Bg7 5. Bg2 O-O 6. d3 d6 7. O-O a5 8. Ng5 h6
9. Nf3 g5 10. Bd2 Na6 11. Qc1 Qe8 12. Nb5 c6 13. Nbd4 e5 14. Nc2 Nc5 15. Be3
Ne6 16. Rb1 f4 17. Bd2 c5 18. Bc3 Bd7 19. Qe1 Qd8 20. Nd2 Qc7 21. Ne4 Bc6 22.
Rd1 Nxe4 23. dxe4 b6 24. Qd2 Rad8 25. Bh3 Qe7 26. f3 Nc7 27. g4 Qf7 28. b3 h5
29. a4 Bf6 30. gxh5 Qxh5 31. Bg4 Qh6 32. Qe1 Kg7 33. Kg2 Rh8 34. Rh1 Be7 35.
Qf2 Qf6 36. Rdg1 Rh4 37. Kf1 Ne6 38. Bxe6 Qxe6 39. Qxh4 1-0

[Event "2. Torneio Aberto do Brasil - Fortaleza"]
[Site "Fortaleza BRA"]
[Date "2012.04.06"]
[Round "3.44"]
[White "Cunha, Rafael Fernandes"]
[Black "Rothebarth, Ana Vitoria De Pau"]
[Result "0-1"]
[WhiteElo "1827"]
[BlackElo "2030"]
[PlyCount "118"]
[EventDate "2012.04.05"]
[EventType "swiss"]
[EventRounds "7"]
[EventCountry "BRA"]
[Source "lmi"]
[SourceDate "2012.08.05"]

1. d4 Nf6 2. c4 e6 3. Nc3 Bb4 4. Nf3 b6 5. a3 Bxc3+ 6. bxc3 Ne4 7. Qc2 f5 8. e3
O-O 9. Bd3 Bb7 10. O-O d6 11. Nd2 Nxd2 12. Bxd2 Nd7 13. e4 Qf6 14. f3 c5 15.
Be3 f4 16. Bf2 e5 17. d5 Qg5 18. a4 h5 19. Rfb1 a5 20. Qd1 Rab8 21. Qc1 Qh6 22.
Rb2 Kf7 23. Rab1 Bc8 24. Be2 Rg8 25. Kh1 g5 26. Qd1 Qf6 27. Rb3 Qd8 28. R1b2
Rg7 29. Qb1 g4 30. Bg1 Ba6 31. Qf1 Qh4 32. Rb1 Ke7 33. Qf2 Qg5 34. Qf1 Kd8 35.
R1b2 Kc7 36. Bd3 Rbg8 37. Be2 Qh4 38. Qb1 Rb8 39. Qf1 Bc8 40. Qb1 Rg8 41. Qf1
Kb7 42. Qb1 Ka7 43. Qf1 Qd8 44. Rb1 Nf6 45. R1b2 Nh7 46. Qd1 Rg7 47. Qb1 Ba6
48. Qf1 Qh4 49. Qb1 Qd8 50. Qf1 Bc8 51. Qb1 Bd7 52. Qa1 Ng5 53. Ra3 gxf3 54.
Bxf3 Nxf3 55. gxf3 Bh3 56. Raa2 Qg5 57. Bxc5 dxc5 58. Qe1 Rbg8 59. Rf2 Qg1+ 0-1

[Event "2. Torneio Aberto do Brasil - Fortaleza"]
[Site "Fortaleza BRA"]
[Date "2012.04.06"]
[Round "3.45"]
[White "Baptista, Andre Kemper"]
[Black "Santos, Antonio Inacio Dos"]
[Result "0-1"]
[WhiteElo "1768"]
[BlackElo "2017"]
[PlyCount "166"]
[EventDate "2012.04.05"]
[EventType "swiss"]
[EventRounds "7"]
[EventCountry "BRA"]
[Source "lmi"]
[SourceDate "2012.08.05"]

1. e4 c5 2. Nc3 d6 3. Bb5+ Nc6 4. Bxc6+ bxc6 5. f4 g6 6. Nf3 Bg7 7. O-O e6 8.
Rb1 a5 9. Na4 Ne7 10. d3 O-O 11. Qe1 Ba6 12. Qh4 Nc8 13. Qh3 Bb5 14. Nc3 Nb6
15. Nxb5 cxb5 16. Ng5 h6 17. Nf3 f5 18. Qg3 Kh7 19. e5 Nd5 20. Qh3 Kg8 21. Nh4
Ne7 22. Be3 Rc8 23. exd6 Qxd6 24. Rf3 Bd4 25. Re1 Kg7 26. c3 Bxe3+ 27. Rfxe3
Rf6 28. g3 g5 29. Ng2 b4 30. Qh5 g4 31. c4 Ng6 32. Nh4 Nxh4 33. Qxh4 a4 34. h3
gxh3 35. Qh5 Qc6 36. R1e2 Re8 37. Qf3 Qd6 38. Kh2 Rd8 39. Qb7+ Rd7 40. Qa8 a3
41. bxa3 bxa3 42. Qxa3 Qc6 43. Qb2 Rd4 44. Qb5 Qd6 45. Qb7+ Kg6 46. Qb3 Kf7 47.
Qb7+ Kg6 48. Qf3 h5 49. Kxh3 Kg7 50. a4 Rh6 51. Qb7+ Kg8 52. Qc8+ Kf7 53. Rb2
h4 54. Rb7+ Kf6 55. Qg8 hxg3+ 56. Kg2 Qc6+ 57. Rf3 Qxb7 58. Qg5+ Kf7 59. Qxh6
Qb2+ 60. Kxg3 Qd2 61. Qh7+ Kf6 62. Qh8+ Kf7 63. Qh5+ Ke7 64. Qg5+ Kf7 65. Qh5+
Ke7 66. Qh2 Qe1+ 67. Qf2 Qa1 68. Qe2 Qg1+ 69. Qg2 Qe1+ 70. Qf2 Qa1 71. Re3 Qxa4
72. Kh2 Qd1 73. Qh4+ Kd7 74. Qh6 Qd2+ 75. Kh1 Qxe3 76. Qg7+ Kc6 77. Qa7 Qxf4
78. Qa6+ Kd7 79. Qb5+ Kd8 80. Qb6+ Qc7 81. Qxe6 Rh4+ 82. Kg2 Qg7+ 83. Kf3 Qg4+
0-1

[Event "2. Torneio Aberto do Brasil - Fortaleza"]
[Site "Fortaleza BRA"]
[Date "2012.04.06"]
[Round "3.46"]
[White "Braga, Jose Pereira"]
[Black "Batista, Francisco Klemberg "]
[Result "1-0"]
[WhiteElo "2014"]
[BlackElo "1771"]
[PlyCount "89"]
[EventDate "2012.04.05"]
[EventType "swiss"]
[EventRounds "7"]
[EventCountry "BRA"]
[Source "lmi"]
[SourceDate "2012.08.05"]

1. d4 Nf6 2. c4 g6 3. Nc3 d5 4. cxd5 Nxd5 5. e4 Nxc3 6. bxc3 c5 7. Bb5+ Bd7 8.
Bxd7+ Nxd7 9. Ne2 Bg7 10. O-O O-O 11. Be3 Qc7 12. Qb3 b6 13. a4 Rfd8 14. Rfd1
Rac8 15. Rac1 h6 16. Rd2 Nf6 17. f3 e6 18. Rcd1 c4 19. Qb5 Qe7 20. Rb1 Ne8 21.
a5 Nd6 22. Qb4 Rb8 23. Rdb2 b5 24. a6 Qe8 25. Qa5 Rd7 26. Bf2 e5 27. dxe5 Qxe5
28. Bd4 Qg5 29. f4 Qg4 30. h3 Bxd4+ 31. cxd4 Qh5 32. Nc3 Qh4 33. Rf1 Qe7 34. e5
Nf5 35. d5 Qc5+ 36. Kh2 Ne3 37. Rfb1 Nxd5 38. Rxb5 Rxb5 39. Rxb5 Qd4 40. Nxd5
c3 41. Nf6+ Kg7 42. Rb4 Qd2 43. Nxd7 c2 44. Qc5 Qxb4 45. Qxb4 1-0

[Event "2. Torneio Aberto do Brasil - Fortaleza"]
[Site "Fortaleza BRA"]
[Date "2012.04.06"]
[Round "3.47"]
[White "Pluschkat, Gustavo Ranulpho"]
[Black "Paiva, Lucas Daniel Bezerr"]
[Result "1-0"]
[WhiteElo "2003"]
[BlackElo "1739"]
[PlyCount "53"]
[EventDate "2012.04.05"]
[EventType "swiss"]
[EventRounds "7"]
[EventCountry "BRA"]
[Source "lmi"]
[SourceDate "2012.08.05"]

1. e4 e5 2. Nf3 Nc6 3. Bb5 a6 4. Ba4 Nf6 5. O-O Bc5 6. c3 O-O 7. d4 exd4 8.
cxd4 Ba7 9. Bg5 h6 10. Bh4 g5 11. d5 Ne7 12. d6 Ng6 13. dxc7 Qxc7 14. Bg3 Qc4
15. Bd6 Re8 16. e5 Ng4 17. Bb3 Qc6 18. Nxg5 N4xe5 19. Bd5 Qxd6 20. Nxf7 Qb6 21.
Nxe5+ Kg7 22. Nc4 Qc7 23. Nbd2 Bb8 24. Nf3 Nh4 25. Qd4+ Re5 26. Ncxe5 Nf5 27.
Qg4+ 1-0

[Event "2. Torneio Aberto do Brasil - Fortaleza"]
[Site "Fortaleza BRA"]
[Date "2012.04.06"]
[Round "3.48"]
[White "Laroca, Alvaro Ney"]
[Black "Araujo Frota, Rewbenio"]
[Result "0-1"]
[WhiteElo "1605"]
[BlackElo "1975"]
[PlyCount "66"]
[EventDate "2012.04.05"]
[EventType "swiss"]
[EventRounds "7"]
[EventCountry "BRA"]
[Source "lmi"]
[SourceDate "2012.08.05"]

1. e4 c6 2. d4 d5 3. e5 c5 4. c3 cxd4 5. cxd4 Nc6 6. Nf3 Bg4 7. Be3 e6 8. a3
Nge7 9. h3 Bxf3 10. Qxf3 Nf5 11. Qd1 Be7 12. Nc3 Nxe3 13. fxe3 Bh4+ 14. Kd2 Bg5
15. g3 Nxd4 16. h4 Bh6 17. g4 Qb6 18. b4 Bxe3+ 19. Kxe3 Nb3+ 20. Kf3 Nxa1 21.
Qxa1 O-O 22. Bd3 f6 23. Kg2 fxe5 24. Rf1 e4 25. Be2 Qe3 26. Qe1 Rxf1 27. Kxf1
Qh3+ 28. Kg1 Rf8 29. g5 Qe3+ 30. Kg2 d4 31. Nd1 Qf4 32. Qg3 Qd2 33. Kh3 Qxe2
0-1

[Event "2. Torneio Aberto do Brasil - Fortaleza"]
[Site "Fortaleza BRA"]
[Date "2012.04.06"]
[Round "3.51"]
[White "Maia, Jose Eduardo Bastos"]
[Black "Bueno, Marcos Antonio Ferr"]
[Result "1-0"]
[WhiteElo "2124"]
[BlackElo "1793"]
[PlyCount "79"]
[EventDate "2012.04.05"]
[EventType "swiss"]
[EventRounds "7"]
[EventCountry "BRA"]
[Source "lmi"]
[SourceDate "2012.08.05"]

1. d4 d6 2. e4 Nf6 3. Nc3 g6 4. Nf3 Bg7 5. Bc4 O-O 6. O-O Bg4 7. h3 Bxf3 8.
Qxf3 Nc6 9. Be3 e5 10. d5 Nd4 11. Qd1 Nd7 12. Nb1 a6 13. c3 Nb6 14. Bd3 Nb5 15.
a4 Na7 16. b4 Nac8 17. c4 Nd7 18. Nd2 b6 19. Nb3 f5 20. f3 f4 21. Bf2 Ne7 22.
c5 Nf6 23. Qe2 a5 24. Rfc1 axb4 25. cxb6 cxb6 26. Qd2 Kh8 27. Qxb4 Rb8 28. Nd2
Nc8 29. Ba6 Qe7 30. Nc4 Ne8 31. Bxc8 Rxc8 32. Bxb6 h5 33. a5 g5 34. a6 Qd7 35.
a7 Ra8 36. Qa4 Rf7 37. Qxd7 Rxd7 38. Rcb1 Nf6 39. Bf2 Rdd8 40. Nb6 1-0

[Event "2. Torneio Aberto do Brasil - Fortaleza"]
[Site "Fortaleza BRA"]
[Date "2012.04.06"]
[Round "3.52"]
[White "Cunha, Adriano De Jesus Si"]
[Black "Ribeiro Junior, Valdir Uchoa"]
[Result "0-1"]
[WhiteElo "2040"]
[BlackElo "1931"]
[PlyCount "78"]
[EventDate "2012.04.05"]
[EventType "swiss"]
[EventRounds "7"]
[EventCountry "BRA"]
[Source "lmi"]
[SourceDate "2012.08.05"]

1. e4 e6 2. d3 d5 3. Nd2 c5 4. Ngf3 Nc6 5. g3 Nge7 6. Bg2 g6 7. O-O Bg7 8. Re1
O-O 9. c3 Rb8 10. Nb3 b6 11. e5 a5 12. d4 a4 13. Nbd2 cxd4 14. cxd4 Bd7 15. a3
Na5 16. Bf1 Bh6 17. Bd3 Bg7 18. Bc2 b5 19. Nf1 h6 20. Bd2 Nc4 21. Bc3 Rc8 22.
h4 Re8 23. Ne3 Bc6 24. h5 Bb7 25. hxg6 fxg6 26. Nh4 g5 27. Ng6 Nxg6 28. Bxg6
Re7 29. Bc2 Qe8 30. Qd3 Qh5 31. Ng2 Bf8 32. Ne3 Nxe5 33. dxe5 d4 34. Ng2 dxc3
35. bxc3 Qh3 36. f3 Bd5 37. Re3 Rf7 38. Rf1 Qxg3 39. Qg6+ Rg7 0-1

[Event "2. Torneio Aberto do Brasil - Fortaleza"]
[Site "Fortaleza BRA"]
[Date "2012.04.06"]
[Round "3.53"]
[White "Buarque, Hugo Leonardo De Br"]
[Black "Schucman, Rebeca Lot"]
[Result "1-0"]
[WhiteElo "1928"]
[BlackElo "1575"]
[PlyCount "57"]
[EventDate "2012.04.05"]
[EventType "swiss"]
[EventRounds "7"]
[EventCountry "BRA"]
[Source "lmi"]
[SourceDate "2012.08.05"]

1. d4 d5 2. c4 c6 3. Nf3 Nf6 4. Nc3 e6 5. Bg5 Nbd7 6. e3 Qa5 7. Bxf6 Nxf6 8.
Bd3 dxc4 9. Bxc4 Ne4 10. Qc2 Bb4 11. Rc1 Nxc3 12. bxc3 Ba3 13. Rb1 O-O 14. O-O
Qh5 15. e4 Bd6 16. e5 Be7 17. a4 c5 18. Qb3 Rb8 19. a5 Bd7 20. Bb5 Bc8 21. Rfd1
Rd8 22. dxc5 Rxd1+ 23. Rxd1 b6 24. cxb6 axb6 25. a6 Ra8 26. Qc4 Qf5 27. Qc6 Qc2
28. Rd8+ Bf8 29. Qe8 1-0

[Event "2. Torneio Aberto do Brasil - Fortaleza"]
[Site "Fortaleza BRA"]
[Date "2012.04.06"]
[Round "3.54"]
[White "Sampaio, Leonardo Ribeiro"]
[Black "Ferreira, Jose Carlos"]
[Result "1-0"]
[WhiteElo "1882"]
[BlackElo "1913"]
[PlyCount "87"]
[EventDate "2012.04.05"]
[EventType "swiss"]
[EventRounds "7"]
[EventCountry "BRA"]
[Source "lmi"]
[SourceDate "2012.08.05"]

1. d4 c5 2. d5 f5 3. c4 Nf6 4. Nc3 g6 5. g3 Bg7 6. Bg2 d6 7. Nf3 Na6 8. O-O Nc7
9. Re1 O-O 10. Qc2 e5 11. dxe6 Nxe6 12. e3 a6 13. Bd2 Rb8 14. a4 Bd7 15. a5 Bc6
16. Nh4 Bxg2 17. Kxg2 d5 18. cxd5 Nxd5 19. Qb3 Nec7 20. Rad1 Kh8 21. Bc1 Bxc3
22. bxc3 Qe8 23. Kg1 Qc6 24. c4 Nf6 25. Ng2 Ne6 26. f4 Kg8 27. Bb2 Ne4 28. Ba1
Rbd8 29. Qb2 Kf7 30. Nh4 Ke8 31. Qe5 Kf7 32. Qb2 Ke8 33. Qe5 Kf7 34. Nf3 Ke7
35. Rd5 Qc7 36. Qb2 Qc6 37. Red1 Nf6 38. Rxd8 Nxd8 39. Ng5 h6 40. Qe5+ Ne6 41.
Nxe6 Qxe6 42. Qc7+ Nd7 43. Be5 Rd8 44. Rd6 1-0

[Event "2. Torneio Aberto do Brasil - Fortaleza"]
[Site "Fortaleza BRA"]
[Date "2012.04.06"]
[Round "3.55"]
[White "Ribeiro, Orlando Alves"]
[Black "Zimmermann, Kleber Renato Pere"]
[Result "1/2-1/2"]
[WhiteElo "1885"]
[BlackElo "1953"]
[PlyCount "50"]
[EventDate "2012.04.05"]
[EventType "swiss"]
[EventRounds "7"]
[EventCountry "BRA"]
[Source "lmi"]
[SourceDate "2012.08.05"]

1. d4 Nf6 2. Nf3 e6 3. c4 c5 4. d5 exd5 5. cxd5 d6 6. Nc3 g6 7. e4 Bg7 8. Be2
O-O 9. O-O a6 10. a4 Bg4 11. Nd2 Bxe2 12. Qxe2 Nbd7 13. Nc4 Nb6 14. h3 Nxc4 15.
Qxc4 Nd7 16. f4 Bd4+ 17. Kh1 Qe7 18. Re1 Rac8 19. Bd2 Nf6 20. f5 Ng4 21. Qe2
Nf2+ 22. Kh2 Qh4 23. Qf3 h5 24. Bf4 Ng4+ 25. Kh1 Nf2+ 1/2-1/2

[Event "2. Torneio Aberto do Brasil - Fortaleza"]
[Site "Fortaleza BRA"]
[Date "2012.04.06"]
[Round "3.56"]
[White "Urquidi, Fabio Moraes"]
[Black "Machado, Fernando Augusto Di"]
[Result "0-1"]
[WhiteElo "1780"]
[BlackElo "1863"]
[PlyCount "112"]
[EventDate "2012.04.05"]
[EventType "swiss"]
[EventRounds "7"]
[EventCountry "BRA"]
[Source "lmi"]
[SourceDate "2012.08.05"]

1. e4 c5 2. d4 cxd4 3. c3 Nc6 4. Nf3 d5 5. e5 Bg4 6. Be2 dxc3 7. Nxc3 e6 8. Bf4
Nge7 9. h3 Bxf3 10. Bxf3 Ng6 11. Bc1 Ngxe5 12. O-O Be7 13. Be2 O-O 14. Re1 Ng6
15. a3 Rc8 16. Bd2 a6 17. Qa4 Qb6 18. Rab1 Bc5 19. Rf1 Nd4 20. Bd1 Qa7 21. b4
b5 22. Nxb5 axb5 23. Qxa7 Bxa7 24. Be3 Rc7 25. Kh1 Nf5 26. Bg5 h6 27. Bc1 Rfc8
28. Bb2 Bd4 29. g4 Bxb2 30. gxf5 Nh4 31. Rxb2 Nxf5 32. a4 bxa4 33. Bxa4 Rb8 34.
Rd1 Rc4 35. Rdb1 Nd4 36. Bd1 Nb5 37. Be2 Rf4 38. Bxb5 Rxb5 39. Kg2 Kf8 40. f3
Ke7 41. Kf2 Rd4 42. Ke3 e5 43. Kf2 Ke6 44. Kg3 g5 45. Kf2 Kf5 46. Ke3 f6 47.
Kf2 Kf4 48. Rg1 h5 49. Rgb1 f5 50. Ke2 e4 51. fxe4 dxe4 52. Rf1+ Ke5 53. Rfb1
f4 54. Rg1 Kf5 55. Rgb1 e3 56. Rb3 Ke4 0-1

[Event "2. Torneio Aberto do Brasil - Fortaleza"]
[Site "Fortaleza BRA"]
[Date "2012.04.06"]
[Round "3.57"]
[White "Dos Reis, Virginia Lagrange"]
[Black "Arpon, Rodrigo Tobias Lana"]
[Result "0-1"]
[WhiteElo "1853"]
[BlackElo "1825"]
[PlyCount "40"]
[EventDate "2012.04.05"]
[EventType "swiss"]
[EventRounds "7"]
[EventCountry "BRA"]
[Source "lmi"]
[SourceDate "2012.08.05"]

1. e4 g6 2. d4 Bg7 3. Be3 d6 4. Nc3 c6 5. Nf3 Qc7 6. Be2 Nd7 7. Qd2 h6 8. Rd1
a6 9. b3 e6 10. O-O Ne7 11. a4 g5 12. Ne1 e5 13. Bh5 Nf6 14. Be2 Ng6 15. dxe5
dxe5 16. Qd6 Qxd6 17. Rxd6 Be6 18. a5 Bf8 19. Rd3 Bb4 20. Bb6 Nf4 0-1

[Event "2. Torneio Aberto do Brasil - Fortaleza"]
[Site "Fortaleza BRA"]
[Date "2012.04.06"]
[Round "3.58"]
[White "Da Silva, Jose Gomes"]
[Black "De Souza, Gutemberg Magalhaes"]
[Result "0-1"]
[WhiteElo "1833"]
[BlackElo "1787"]
[PlyCount "92"]
[EventDate "2012.04.05"]
[EventType "swiss"]
[EventRounds "7"]
[EventCountry "BRA"]
[Source "lmi"]
[SourceDate "2012.08.05"]

1. Nf3 d5 2. d4 Nf6 3. Bf4 g6 4. e3 Bg7 5. Bd3 Nh5 6. Be5 Nf6 7. h3 Nbd7 8. Bh2
O-O 9. Nbd2 c5 10. c3 b6 11. O-O Bb7 12. Re1 Ne4 13. Rc1 Re8 14. Bxe4 dxe4 15.
Ng5 Nf6 16. Be5 h6 17. Bxf6 exf6 18. Ngxe4 Bxe4 19. Nxe4 Rxe4 20. Qc2 Qe7 21.
dxc5 bxc5 22. Rcd1 f5 23. Qd2 Re8 24. Qd7 Qxd7 25. Rxd7 R4e7 26. Rd5 c4 27.
Red1 Rb8 28. R1d2 Reb7 29. Rd8+ Rxd8 30. Rxd8+ Bf8 31. Rd2 Kg7 32. Kf1 Kf6 33.
Ke2 Ke6 34. g4 fxg4 35. hxg4 Rd7 36. Rc2 Rd5 37. e4 Ra5 38. a3 Re5 39. f3 f5
40. Rd2 Bc5 41. Rd8 fxg4 42. Re8+ Kf6 43. Rc8 Kg5 44. Rg8 g3 45. f4+ Kxf4 46.
Rxg6 Rg5 0-1

[Event "2. Torneio Aberto do Brasil - Fortaleza"]
[Site "Fortaleza BRA"]
[Date "2012.04.06"]
[Round "3.59"]
[White "Azevedo, Eduardo Jose E De"]
[Black "Moro, Antonio Renato Pere"]
[Result "0-1"]
[WhiteElo "1909"]
[BlackElo "1832"]
[PlyCount "76"]
[EventDate "2012.04.05"]
[EventType "swiss"]
[EventRounds "7"]
[EventCountry "BRA"]
[Source "lmi"]
[SourceDate "2012.08.05"]

1. Nf3 g6 2. c4 Bg7 3. d4 d6 4. Nc3 c5 5. d5 e5 6. e4 Ne7 7. Be2 O-O 8. O-O a6
9. a4 h6 10. Nd2 f5 11. f4 exf4 12. Rxf4 g5 13. Rf1 f4 14. Bh5 Nd7 15. Qe2 Nf6
16. e5 dxe5 17. Nde4 Nxh5 18. Qxh5 Nf5 19. Bd2 Bd7 20. Rad1 Qb6 21. Rb1 Rad8
22. Qe2 Nd4 23. Qd1 Bf5 24. b3 Rfe8 25. Kh1 Qg6 26. Re1 a5 27. Rc1 b6 28. Rb1
h5 29. h3 g4 30. h4 g3 31. Bc1 Bg4 32. Qd3 Bf6 33. Nf2 Bf5 34. Nfe4 Bxh4 35.
Rb2 Bf6 36. Qd1 Kg7 37. Kg1 h4 38. Rd2 Bg4 0-1

[Event "2. Torneio Aberto do Brasil - Fortaleza"]
[Site "Fortaleza BRA"]
[Date "2012.04.06"]
[Round "3.60"]
[White "Correia, Aristoteles De Jesu"]
[Black "Lima Filho, Jose Pacifico"]
[Result "1-0"]
[WhiteElo "1817"]
[BlackElo "1891"]
[PlyCount "79"]
[EventDate "2012.04.05"]
[EventType "swiss"]
[EventRounds "7"]
[EventCountry "BRA"]
[Source "lmi"]
[SourceDate "2012.08.05"]

1. c4 Nf6 2. g3 c5 3. Bg2 Nc6 4. Nf3 g6 5. O-O Bg7 6. Nc3 O-O 7. e4 e5 8. d3 d6
9. Bd2 Bg4 10. Qb3 Bxf3 11. Bxf3 Nd4 12. Qd1 Nxf3+ 13. Qxf3 Qd7 14. Rab1 a5 15.
a3 Rfb8 16. Bg5 Ne8 17. Nd5 b5 18. Ne7+ Kf8 19. h4 f6 20. Nd5 Qf7 21. Bd2 Nc7
22. Ne3 Ne6 23. Ng4 Nd4 24. Qd1 bxc4 25. f4 h5 26. Ne3 cxd3 27. fxe5 dxe5 28.
Nd5 Kg8 29. Bg5 Ne2+ 30. Kg2 c4 31. Bxf6 Qd7 32. Bxg7 Kxg7 33. Qd2 Qg4 34. Qe3
Rf8 35. Nb6 Nxg3 36. Qxg3 Qxe4+ 37. Kh3 Rxf1 38. Rxf1 Rb8 39. Nxc4 Qxc4 40.
Qxe5+ 1-0

[Event "2. Torneio Aberto do Brasil - Fortaleza"]
[Site "Fortaleza BRA"]
[Date "2012.04.06"]
[Round "3.61"]
[White "Bezerra, Francisca Rejane De"]
[Black "Rapouso, Ricardo Luis Borba"]
[Result "0-1"]
[WhiteElo "1767"]
[BlackElo "1880"]
[PlyCount "44"]
[EventDate "2012.04.05"]
[EventType "swiss"]
[EventRounds "7"]
[EventCountry "BRA"]
[Source "lmi"]
[SourceDate "2012.08.05"]

1. d4 Nf6 2. g3 g6 3. Bg2 d5 4. Nh3 Bg7 5. O-O O-O 6. Bf4 Nc6 7. Re1 Ne4 8. c3
h6 9. Nd2 g5 10. Nxe4 dxe4 11. Bd2 e5 12. dxe5 Nxe5 13. Qc2 Bf5 14. e3 Qd7 15.
Nxg5 hxg5 16. Rad1 Nf3+ 17. Bxf3 exf3 18. e4 Bg6 19. Kh1 Qh3 20. Rg1 Bf6 21. c4
Kg7 22. Bc3 Qxh2+ 0-1

[Event "2. Torneio Aberto do Brasil - Fortaleza"]
[Site "Fortaleza BRA"]
[Date "2012.04.06"]
[Round "3.62"]
[White "Capistrano, Giovany Gomes"]
[Black "Sousa Filho, Aloisio Lopes De"]
[Result "1/2-1/2"]
[WhiteElo "1755"]
[BlackElo "1852"]
[PlyCount "51"]
[EventDate "2012.04.05"]
[EventType "swiss"]
[EventRounds "7"]
[EventCountry "BRA"]
[Source "lmi"]
[SourceDate "2012.08.05"]

1. d4 Nf6 2. Nf3 b6 3. e3 Bb7 4. Bd3 g6 5. b3 Bg7 6. Bb2 d6 7. Nbd2 Nbd7 8. O-O
h5 9. c4 h4 10. h3 Rh5 11. Qe2 e6 12. e4 Qe7 13. Rfe1 O-O-O 14. a4 Rdh8 15. Bc3
g5 16. a5 g4 17. Nh2 gxh3 18. axb6 Rg5 19. bxa7 Rxg2+ 20. Kh1 Ba8 21. c5 dxc5
22. Ba6+ Kd8 23. Qb5 Qd6 24. e5 Qd5 25. Bb7 Bxb7 26. Qxb7 1/2-1/2

[Event "2. Torneio Aberto do Brasil - Fortaleza"]
[Site "Fortaleza BRA"]
[Date "2012.04.06"]
[Round "3.63"]
[White "Mesquita, Jussier Cabral"]
[Black "Silva, Agamenon Viana Da"]
[Result "1-0"]
[WhiteElo "1844"]
[BlackElo "1693"]
[PlyCount "49"]
[EventDate "2012.04.05"]
[EventType "swiss"]
[EventRounds "7"]
[EventCountry "BRA"]
[Source "lmi"]
[SourceDate "2012.08.05"]

1. e4 e5 2. f4 Nc6 3. Nf3 d6 4. Bc4 Bg4 5. c3 Qh4+ 6. Nxh4 Bxd1 7. Kxd1 Be7 8.
Nf3 O-O-O 9. Bxf7 Nh6 10. Be6+ Kb8 11. d3 exf4 12. Bxf4 Rdf8 13. Bg3 Rf6 14.
Bd5 Rhf8 15. Bxc6 bxc6 16. Nbd2 Ng4 17. Ke2 Ne5 18. Nxe5 dxe5 19. Rhf1 Bd6 20.
Rxf6 Rxf6 21. Rf1 Kc8 22. Nc4 Rxf1 23. Kxf1 Kd7 24. Bxe5 Bxe5 25. Nxe5+ 1-0

[Event "2. Torneio Aberto do Brasil - Fortaleza"]
[Site "Fortaleza BRA"]
[Date "2012.04.06"]
[Round "3.64"]
[White "Assuncao, Jose Ribamar Da Cos"]
[Black "Sampaio Filho, Joao Rodrigues"]
[Result "0-1"]
[WhiteElo "1675"]
[BlackElo "1785"]
[PlyCount "118"]
[EventDate "2012.04.05"]
[EventType "swiss"]
[EventRounds "7"]
[EventCountry "BRA"]
[Source "lmi"]
[SourceDate "2012.08.05"]

1. e4 c5 2. Nf3 d6 3. d4 cxd4 4. Nxd4 Nf6 5. Nc3 g6 6. Be2 Bg7 7. Be3 O-O 8. f3
Nc6 9. Qd2 a6 10. O-O-O Nxd4 11. Bxd4 Be6 12. Kb1 b5 13. Be3 Qc7 14. g4 Rfc8
15. Rc1 Qa5 16. b3 Qxc3 17. Qxc3 Rxc3 18. Bd4 Rcc8 19. h4 Nd7 20. Bxg7 Kxg7 21.
h5 gxh5 22. gxh5 Kh8 23. f4 f5 24. Bf3 fxe4 25. Bxe4 d5 26. f5 Bf7 27. Bd3 Nc5
28. Rce1 Rc7 29. Bf1 Ne4 30. Bg2 Ng3 31. Rh2 Nxf5 32. Re5 Nh6 33. Bh3 Rg8 34.
Be6 Ng4 35. Bxg4 Rxg4 36. Rf2 e6 37. Kb2 Rh4 38. a3 Rg4 39. Rh2 h6 40. Rf2 Rg5
41. Rxg5 hxg5 42. Rg2 Bxh5 43. Rxg5 Bf3 44. Rg3 Be4 45. c3 Rg7 46. Rxg7 Kxg7
47. Kc1 Kf6 48. Kd2 a5 49. b4 a4 50. Ke3 Ke5 51. Ke2 Kf4 52. Kd2 Bb1 53. Kc1
Ba2 54. Kd2 e5 55. Kd3 Bc4+ 56. Kd2 Kf3 57. Kc2 e4 58. Kd2 Kf2 59. Kd1 e3 0-1